00461 a2200157 450000500170000002000180001708200150003510000150005024500820006525000120014726000310015930000680019070000170025894200130027599900150028820250624120556.0 a0-273-02504-x a658.78 JES aJESSOP, D. aStorage and Control of Stock: For Commerce, Industry and Public Undertakings. a4th Ed, aLondon,bJESSOP, D.c1986. axi, 307p; ill figure, picture & tablebAppendix & Indexc21.5cm aMORRISON, A. 2ddccBKS c4855d4855